Amiibo - Sudden Death - Statistics

General Stats
  • This quiz has been taken 41 times
  • The average score is 7 of 18
Answers on the Grid
Answers color-coded by a green-red scale on the quiz's grid according to % correct below.
Bowser
Toon Link
Box-Boy
Chibi-Robo
K.K. Slider
Tom Nook
Mega Man
Inkling
Waddle Dee
Digby
Sonic
Steve
Sidon
Daruk
Ice Climbers
Sephiroth
Solid Snake
Guardian
Naked Snake
Ludwig
Teba
Ganon
Funky Kong
Master Hand
King Boo
Petey Piranha
Blastoise
Rattata
Gwonam
Mother Brain
 
Answer Stats
Answer % Correct
Bowser
52%
Mega Man
52%
Sonic
52%
Steve
52%
Chibi-Robo
48%
Inkling
48%
K.K. Slider
43%
Tom Nook
43%
Box-Boy
38%
Sephiroth
38%
Toon Link
38%
Daruk
33%
Ice Climbers
33%
Solid Snake
33%
Waddle Dee
33%
Digby
24%
Guardian
24%
Sidon
19%
No matching quizzes found
Score Distribution
Percent of People with Each Score
Percentile by Number Answered
Your Score History
You have not taken this quiz